000 01271nam a2200289 i 4500
001 58989
003 ES-MaACL
005 20251015063101.0
007 t|
008 140430m19091913fr ||||1| fre d
080 _a821.133.1-6"16"
100 1 _aBossuet, Jacques Bénigne,
_d1627-1704
_930723
245 1 0 _aCorrespondance de Bossue.
250 _aNouvelle édition augmentée de lettres inédites et publiées avec des notes et des appendices sous le patronnage de l'Académie française par Ch. Urbain et E. Levesque.
260 _aParis :
_bHachette, 1909-1913.
300 _av. <1-7 > ;
_c22 cm.
490 1 _aLes grands écrivains de la France
500 _aÍndice.
505 8 _aContiene: t. 1. (1651-1676) (VII, 520 p.)-- t. 2. (1677-1683) (526 p.) -- t. 3. (1684-1688) (575 p.) -- t. 4 (1689-1691) (531 p.)-- t. 5 (Janvier-1692-septembre 1693) (557 p.)-- t. 6. (Octobre 1693-décembre 1694) (577 p.) -- t. 7. (Janvier 1695-juin 1695) (537 p.).
700 1 _aUrbain, Ch.
_9112061
700 1 _aBrunschvicg, Léon,
_d1853-1904
_932207
700 0 _aBoutroux, Émile.
_931064
700 1 _aLevesque, Eugène.
_9154789
830 0 _aLes grands écrivains de la France
_9191990
852 _aES-MaACL
_jF-5731-37
999 _c58989
_d58989